Guten Tag, Herr Archimedes Unterhaltsame Mathematikaufgaben vom Altertum bis zur Gegenwart

Saved in:
Bibliographic Details
Main Author: Konforovič, Andrej Grigor`jevič
Other Authors: Dick, Galina
Format: Book
Language:German
Published: Leipzig Fachbuchverlag 1986
Edition:1. Aufl.
Tags: Add Tag
No Tags, Be the first to tag this record!

MARC

LEADER 00000nam a2200000 4500
001 c023608
005 20221220073800.6
041 0 |a ger 
044 |a DE 
245 1 0 |a Guten Tag, Herr Archimedes  |b Unterhaltsame Mathematikaufgaben vom Altertum bis zur Gegenwart  |c Andrej Grigor`jevič Konforovič ; [Z ukr. prel.] Galina Dick 
250 |a 1. Aufl. 
264 1 |a Leipzig  |b Fachbuchverlag  |c 1986 
300 |a 212 s. 
100 1 |a Konforovič, Andrej Grigor`jevič 
700 1 |a Dick, Galina